The roots of phonics : a historical introduction /

Bibliographic Details
Main Author: Balmuth, Miriam
Format: Book
Language:English
Published: New York : McGraw-Hill, [1982]
Subjects:

MARC

Tag First Indicator Second Indicator Subfields
LEADER 00000pam a2200000 a 4500
001 in00000070328
005 20151008061709.0
008 810424s1982 nyu b 00110 eng
010 |a  81006041  
020 |a 0070034907 
035 |a (OCoLC)07551707 
035 |9 AAJ8624AM 
039 0 |a 2  |b 3  |c 3  |d 3  |e 3 
040 |a DLC  |c DLC  |d TXA  |d UtOrBLW 
049 |a TXAM  |c [1803326] 
050 0 0 |a PE1133  |b .B26 
082 0 |a 421/.5/09  |2 19 
100 1 |a Balmuth, Miriam. 
245 1 4 |a The roots of phonics :  |b a historical introduction /  |c by Miriam Balmuth ; foreword by Jeanne S. Chall. 
264 1 |a New York :  |b McGraw-Hill,  |c [1982] 
264 4 |c ©1982 
300 |a xiii, 251 pages ;  |c 24 cm. 
336 |a text  |b txt  |2 rdacontent 
337 |a unmediated  |b n  |2 rdamedia 
338 |a volume  |b nc  |2 rdacarrier 
500 |a Includes index. 
504 |a Bibliography: pages 225-235. 
650 0 |a English language  |x Phonology, Historical. 
650 0 |a English language  |x Pronunciation. 
650 0 |a English language  |x Orthography and spelling. 
999 |a MARS 
999 f f |s d16792e6-7915-3d9a-b42e-f08b8f876c42  |i ed0717e6-a6e4-372c-99b5-869c792e2733  |t 0 
952 f f |p ric  |a Texas A&M University  |b Rellis Campus  |c Joint Library Facility  |s JLF  |d Remote Storage  |t 0  |e PE1133 .B26  |h Library of Congress classification  |i unmediated -- volume  |m A14806174684 
998 f f |a PE1133 .B26  |t 0  |l Remote Storage